000 00429cam a22001337a 4500
008 180718b1987 xxu||||| |||| 00| 0 eng d
082 _aB142x5461 V799
100 _aVinze, Medha Dubhashi
245 _aWomen entrepreneurs in India: a socio-economic study of Delhi, 1975-85
_cby Medha Dubhashi Vinze
260 _aDelhi
_bMittal
_c1987
300 _a238p.
650 _aEnterpreneurs - Delhi.
650 _aWomen in business - Delhi
999 _c356018
_d356018